Countries Of The World On A Blank Map - Map Quiz - Statistics

General Stats
  • This quiz has been taken 341 times
    338 since last reset
  • The average score is 55 of 196
Answers on the Map
Answers color-coded by a green-red scale on the quiz's map according to % correct below.
 
Answer Stats
Answer % Correct
Canada
81%
United States
77%
Mexico
71%
Brazil
56%
Argentina
55%
Chile
54%
France
47%
China
46%
Italy
46%
Peru
46%
Spain
46%
United Kingdom
46%
Venezuela
46%
Australia
45%
Iceland
45%
India
45%
Panama
45%
Russia
45%
Ireland
44%
Portugal
44%
Colombia
43%
Belize
42%
Cuba
42%
Denmark
42%
South Africa
42%
Turkey
42%
Algeria
41%
Bolivia
41%
Egypt
41%
Finland
41%
Germany
41%
South Korea
41%
Uruguay
41%
Afghanistan
40%
Ecuador
40%
Madagascar
40%
Ukraine
40%
Bahamas
39%
Guatemala
39%
Japan
39%
Saudi Arabia
39%
Sweden
39%
Morocco
38%
North Korea
38%
Paraguay
38%
Suriname
38%
Belgium
37%
Mongolia
37%
Norway
37%
Pakistan
37%
Poland
37%
Belarus
36%
Greece
36%
El Salvador
35%
New Zealand
35%
Costa Rica
34%
Ethiopia
34%
Indonesia
34%
Iran
34%
Nicaragua
34%
Switzerland
34%
Honduras
33%
Sri Lanka
33%
Tunisia
33%
Bangladesh
32%
Kazakhstan
32%
Libya
32%
Netherlands
32%
Sudan
32%
Angola
31%
Cambodia
31%
Estonia
31%
Guyana
31%
Iraq
31%
Vietnam
31%
Chad
30%
Nepal
30%
Oman
30%
Philippines
30%
Somalia
30%
South Sudan
30%
Taiwan
30%
Cyprus
29%
Latvia
29%
Cape verde
28%
Central African Republic
28%
Haiti
28%
Laos
28%
Maldives
28%
Albania
27%
Austria
27%
Bhutan
27%
Croatia
27%
Czech Republic
27%
Mali
27%
Myanmar
27%
Nigeria
27%
Romania
27%
Syria
27%
Thailand
27%
Eritrea
26%
Lesotho
26%
Lithuania
26%
Mozambique
26%
Namibia
26%
Papua New Guinea
26%
Yemen
26%
Botswana
25%
Bulgaria
25%
Congo (Republic Of)
25%
Djibouti
25%
Ghana
25%
Israel
25%
Jamaica
25%
Jordan
25%
Kenya
25%
Malta
25%
Moldova
25%
Níger
25%
United Arab Emirates
25%
Benín
24%
Burkina Faso
24%
Dominican Republic
24%
Equatorial Guinea
24%
Ivory Coast
24%
Kuwait
24%
Mauritania
24%
Senegal
24%
Tanzania
24%
Azerbaijan
23%
Bosnia And Herzegovina
23%
Georgia
23%
Hungary
23%
Malawi
23%
Malaysia
23%
Armenia
22%
Cameroon
22%
Comoros
22%
Eswatini
22%
Luxembourg
22%
Togo
22%
Kyrgyzstan
21%
Lebanon
21%
Gabon
20%
Rwanda
20%
Seychelles
20%
Slovakia
20%
Slovenia
20%
Zambia
20%
Gambia
19%
Montenegro
19%
Sao Tome And Principe
19%
Democratic Republic Of The Congo
18%
Kosovo
18%
Liberia
18%
North Macedonia
18%
Qatar
18%
Serbia
18%
Turkmenistan
18%
Uganda
18%
Zimbabwe
18%
Burundi
17%
East Timor
17%
Guinea
17%
Kiribati
17%
Mauritius
17%
Micronesia (Federated States Of)
17%
Sierra Leona
17%
Guinea Bissau
16%
Tajikistan
16%
Uzbekistan
16%
Trinidad And Tobago
15%
Bahrain
12%
Brunei
12%
Fiji
12%
Palau
12%
Singapore
12%
Solomon Islands
12%
Andorra
11%
Marshall Islands
11%
Nauru
11%
Samoa
9%
San Marino
9%
Tonga
9%
Tuvalu
8%
Vanuatu
8%
Liechtenstein
7%
Barbados
4%
Vatican city
4%
Monaco
3%
Saint Vincent And The Grenadines
3%
Antigua And Barbuda
2%
Saint Kitts And Nevis
2%
Saint Lucia
2%
Dominica
1%
Grenada
1%
No matching quizzes found
Score Distribution
Percent of People with Each Score
Percentile by Number Answered
Your Score History
You have not taken this quiz since the last reset